| 000 | 00738nam a22002177a 4500 | ||
|---|---|---|---|
| 999 |
_c24343 _d24343 |
||
| 003 | Nust | ||
| 005 | 20170606104634.0 | ||
| 008 | 170109b xxu||||| |||| 00| 0 eng d | ||
| 020 | _a9788131721407 | ||
| 040 |
_cRCMS _aDLC _bDLC |
||
| 082 | _a620.106 DOU | ||
| 100 |
_aDouglas, John F. _91677 |
||
| 245 |
_aFLUID MECHANICS / _cJohn F. Douglas |
||
| 250 | _a5th ed. | ||
| 260 |
_aNew Delhi: _bPearson; _cc2008. |
||
| 300 |
_a992p:, _bill: _c24 cm. |
||
| 500 | _apaperback. | ||
| 538 | _iShelf # 10, Row # 2, Mechanical & Aerospace. | ||
| 650 |
_aFluid Mechanics _91678 |
||
| 856 | _3Table of Content Only | ||
| 942 |
_cBK _2ddc |
||